Practical manual of Inorganic, Organic & Medicinal Chemistry (Record no. 13279)

MARC details
000 -LEADER
fixed length control field 00523nam a22001937a 4500
003 - CONTROL NUMBER IDENTIFIER
control field OSt
008 - FIXED-LENGTH DATA ELEMENTS--GENERAL INFORMATION
fixed length control field 250411b |||||||| |||| 00| 0 eng d
020 ## - INTERNATIONAL STANDARD BOOK NUMBER
International Standard Book Number 9789388022989
082 ## - DEWEY DECIMAL CLASSIFICATION NUMBER
Classification number 615.09 NAP
100 ## - MAIN ENTRY--PERSONAL NAME
Personal name Nagar, Akhil
245 ## - TITLE STATEMENT
Title Practical manual of Inorganic, Organic & Medicinal Chemistry
260 ## - PUBLICATION, DISTRIBUTION, ETC. (IMPRINT)
Place of publication, distribution, etc N.Delhi
Name of publisher, distributor, etc IP Innovative Pub.
Date of publication, distribution, etc 2023
300 ## - PHYSICAL DESCRIPTION
Extent xviii,249
650 ## - SUBJECT ADDED ENTRY--TOPICAL TERM
Topical term or geographic name as entry element Medicinal Chemistry-I
700 ## - ADDED ENTRY--PERSONAL NAME
Personal name Lokwani, Deepak
700 ## - ADDED ENTRY--PERSONAL NAME
Personal name Bendale, Atul
700 ## - ADDED ENTRY--PERSONAL NAME
Personal name Chaudhari, Pritam B
942 ## - ADDED ENTRY ELEMENTS (KOHA)
Source of classification or shelving scheme Dewey Decimal Classification
Koha item type Text Books
Holdings
Withdrawn status Lost status Source of classification or shelving scheme Damaged status Not for loan Collection code Home library Current library Date acquired Source of acquisition Currency Cost, normal purchase price Bill Number Total Checkouts Full call number Acc. no. / Barcode Date last seen Actual Cost, discounted price Bill Date Koha item type
    Dewey Decimal Classification     B.Pharma PIET C-LIBRARY PIET C-LIBRARY 04/04/2025 Zafaa Books Distributres Rs 425.00 ZBDO006   615.09 NAP BP2721 11/04/2025 337.50 04/04/2025 Reference Books
    Dewey Decimal Classification     B.Pharma PIET C-LIBRARY PIET C-LIBRARY 04/04/2025 Zafaa Books Distributres Rs 425.00 ZBDO006   615.09 NAP BP2722 11/04/2025 337.50 04/04/2025 Text Books
    Dewey Decimal Classification     B.Pharma PIET C-LIBRARY PIET C-LIBRARY 08/01/2026 Zafaa Books Distributres Indian Rup 450.00 ZBD0374   615.09 NAP BP2881 21/01/2026 337.50 04/01/2026 Text Books
    Dewey Decimal Classification     B.Pharma PIET C-LIBRARY PIET C-LIBRARY 08/01/2026 Zafaa Books Distributres Indian Rup 450.00 ZBD0374   615.09 NAP BP2882 21/01/2026 337.50 04/01/2026 Text Books
    Dewey Decimal Classification     B.Pharma PIET C-LIBRARY PIET C-LIBRARY 08/01/2026 Zafaa Books Distributres Indian Rup 450.00 ZBD0374   615.09 NAP BP2883 21/01/2026 337.50 04/01/2026 Text Books
    Dewey Decimal Classification     B.Pharma PIET C-LIBRARY PIET C-LIBRARY 08/01/2026 Zafaa Books Distributres Indian Rup 450.00 ZBD0374   615.09 NAP BP2884 21/01/2026 337.50 04/01/2026 Text Books
    Dewey Decimal Classification     B.Pharma PIET C-LIBRARY PIET C-LIBRARY 08/01/2026 Zafaa Books Distributres Indian Rup 450.00 ZBD0374   615.09 NAP BP2885 21/01/2026 337.50 04/01/2026 Text Books

Design & Developed by: PIET Central Library
R70 Miles Stone Pattikalyana Samalkha Panipat 132102
mail ID :- [email protected], Phone No:- 0180-2569700 Ex.216